Is it Toxic to Dogs? - Statistics

General Stats
  • This quiz has been taken 101 times
  • The average score is 7 of 15
Answer Stats
Question Answer % Correct
Chocolate or Vanilla? Chocolate
88%
Corn or Sweet Potato Neither
67%
Avocado or Watermelon Avocado
58%
Macadamia nuts or Grapes? Both
58%
Garlic or Tomatoes Garlic
56%
Rhubarb or Black Walnuts Both
48%
Raspberries or Pistachios? Neither
46%
Gelatin or Coffee Beans? Coffee Beans
40%
Portobello Mushrooms or Raisins Raisins
35%
Chives or Oranges Chives
33%
Cinnamon or Onions? Onions
33%
Pomegranate Seeds/Arils or Squash Neither
27%
Marshmallow or Aloe Vera Aloe Vera
25%
Mustard or Dill Pickles Mustard
23%
Lychees or Acai Berries Neither
23%
No matching quizzes found
Score Distribution
Percent of People with Each Score
Percentile by Number Answered
Your Score History
You have not taken this quiz